Statistics for Guess that NBA player by the emoji!

Click here to take the quiz!

General Stats

  • This quiz has been taken 468 times
  • The average score is 12 of 20

Answer Stats

HintAnswer% Correct
๐Ÿ‘‘LeBron James
97%
๐ŸMichael Jordan
97%
โฌ›๏ธ๐ŸKobe Bryant
88%
๐ŸƒNikola Jokic
83%
๐Ÿ“ซKarl Malone
74%
๐Ÿ‘จโ€โš•๏ธ JJulius Erving
73%
๐Ÿ‡ฌ๐Ÿ‡ท๐ŸคชGiannis Antetokounmpo
72%
๐Ÿ’ฏWilt Chamberlain
72%
๐Ÿ•ทDonovan Mitchell
71%
๐Ÿ‘ถ๐Ÿ—กStephen Curry
61%
๐ŸฆŠDe'Aaron Fox
58%
๐Ÿฆ„Kristaps Porzingis
56%
๐Ÿ‘ด๐ŸฟKyrie Irving
49%
๐Ÿ‡ธ๐Ÿ‡ฎ ๐Ÿช„Luka Donฤiฤ‡
49%
๐Ÿ–Kawhi Leonard
45%
๐Ÿค๐Ÿ‘จChris Andersen
36%
๐Ÿ‡ซ๐Ÿ‡ท ๐Ÿ—ผRudy Gobert
36%
๐Ÿ’ตDamian Lillard
27%
๐Ÿ“šTim Duncan
21%
๐ŸผBradley Beal
7%

Score Distribution

Percentile by Number Answered

Percent of People with Each Score

Your Score History

You have not taken this quiz